Catalog

Record Details

Catalog Search



Shadows  Cover Image Book Book

Shadows / John Saul.

Saul, John. (Author).

Record details

  • ISBN: 0553074741
  • Physical Description: 390 pages ; 24 cm.
  • Publisher: New York : Linda Grey Bantam Books, c1992.
Subject: Horror tales.

LDR 00639cam a2200217 a 4500
001123744
003CONS
00520140703073301.0
008920123s1992 nyu 000 1 eng
010 . ‡a 92001317 //r92
020 . ‡a0553074741
035 . ‡a(CPomAG)LMN485254
05000. ‡aPS3569.A787 ‡bS5 1992
08200. ‡a813/.54 ‡220
1001 . ‡aSaul, John.
24510. ‡aShadows / ‡cJohn Saul.
260 . ‡aNew York : ‡bLinda Grey Bantam Books, ‡cc1992.
300 . ‡a390 pages ; ‡c24 cm.
650 0. ‡aHorror tales.
959 . ‡i32269000326093 ‡lF Sau ‡aAdult - Fiction ‡tFiction ‡g19.50
852 . ‡p32269000326093 ‡jF Sau ‡gAdult - Fiction ‡cFiction ‡y19.50 ‡bSBPL
901 . ‡a123744 ‡bUnknown ‡c123744 ‡tbiblio

Additional Resources